000 00661nam a2200217Ii 4500
001 11969
003 CO-ViMGA
008 241108s9999||||xx |||||||||||||| ||und||
020 _a8476302010
040 _aCO-ViMGA
_bspa
_erda
_cCO-ViMGA
041 0 _aunk
082 0 4 _a970.00497-T237
100 1 _aColin F Taylor
_954001
245 1 0 _aLos Nativos Americanos:
_bEl pueblo indígena de Norteamérica
264 1 _a[Lugar de publicación no identificado] : Libsa, 1993
300 _avolumen
336 _atext
_btxt
_2rdacontent
337 _aunmediated
_bn
_2rdamedia
338 _avolume
_bnc
_2rdacarrier
940 _aidficha_siabuc: 11679. -- ficha_no_siabuc:11969
999 _c50837
_d50837